Aktivity Európskej únie v izraelsko-palestínskom mierovom procese v prvých dvoch dekádach 21. storočia diplomová práca

Uložené v:
Podrobná bibliografia
Hlavný autor: Sipos, David
Korporativný autor: Fakulta medzinárodných vzťahov EU. Katedra medzinárodných politických vzťahov
Ďalší autori: Kurucz, Milan, 1954-
Médium: Kniha
Jazyk:Slovak
Vydavateľské údaje: Bratislava 2023
Tagy: Pridať tag
Žiadne tagy, Buďte prvý, kto otaguje tento záznam!

MARC

LEADER 00000nbm a2200000 4500
001 0293137
005 20240613095245.7
041 0 |a slo 
044 |a SK 
245 1 0 |a Aktivity Európskej únie v izraelsko-palestínskom mierovom procese v prvých dvoch dekádach 21. storočia  |b diplomová práca  |c David Sipos ; školiteľ: Milan Kurucz 
264 1 |a Bratislava  |c 2023 
300 |a 72 s. 
100 1 |a Sipos, David 
700 1 |a Kurucz, Milan, 1954- 
710 2 |a Fakulta medzinárodných vzťahov EU. Katedra medzinárodných politických vzťahov